000 01421nam a22003857a 4500
003 CHAP
005 20220329134405.0
008 971013s1994 r 00010 d
010 _a19804
011 _a20776
035 _a24865
040 _cCHAP
090 _aTesis
100 0 0 _aRosas de Luis, Miguel.
_9100007
245 _aPlaneación regional
_b: generación de un patron óptimo de cultivos en el municipio de Huamantla, Tlaxcala
260 _aChapingo, Méx. :
_bEl autor,
_c1994
300 _a87 h.
_e+ anexo
502 _aTesis (Ing. Agr. Esp. en Economía Agrícola) -- UACH. Departamento de Economía Agrícola
590 _aALEPH
_b10
_c20130110
_lUCH01
_h1243
590 _aBATCH-UPD
_b10
_c20130110
_lUCH01
_h0010
590 _aBATCH-UPD
_b10
_c20130110
_lUCH01
_h2034
590 _aBATCH-UPD
_b10
_c20130409
_lUCH01
_h1947
590 _aBATCH-UPD
_b10
_c20130410
_lUCH01
_h1350
590 _aBATCH-UPD
_b10
_c20130914
_lUCH01
_h1117
590 _aCONVERSION
_b10
_c20130109
_lUCH01
_h1312
650 1 4 _aAgricultura
_xAspectos economicos
_xTlaxcala.
_91300
650 1 4 _aCultivos
_xTlaxcala.
_930330
650 1 4 _aPlaneación regional
_xTlaxcala.
_988723
650 1 4 _aPolítica agrícola
_xTlaxcala.
_990367
901 _aBK
942 _cFOLL
949 _bBC
_cTES
_d-57414
_eTS1
_h26991
_i24865
_si
949 _bBC
_cTES
_d-57415
_eTS2
_fc.2
_h26992
_i24865
_si
949 _bBC
_cTES
_d-57416
_eTS2
_fc.3
_h26993
_i24865
_si
999 _c19804
_d19804